Statistics for Count To 50

Click here to take the quiz!

General Stats

  • This quiz has been taken 9 times
  • The average score is 25 of 50

Answer Stats

HintAnswer% Correct
11
100%
1010
67%
1111
67%
1212
67%
1313
67%
1414
67%
1515
67%
1616
67%
1717
67%
1818
67%
1919
67%
22
67%
2020
67%
2121
67%
2222
67%
2323
67%
2424
67%
2525
67%
2626
67%
2727
67%
2828
67%
2929
67%
33
67%
3030
67%
3131
67%
3232
67%
3333
67%
3434
67%
3535
67%
3636
67%
44
67%
55
67%
66
67%
77
67%
88
67%
99
67%
3737
33%
4141
33%
3838
0%
3939
0%
4040
0%
4242
0%
4343
0%
4444
0%
4545
0%
4646
0%
4747
0%
4848
0%
4949
0%
5050
0%

Score Distribution

Percentile by Number Answered

Percent of People with Each Score

Your Score History

You have not taken this quiz